000 00690nam a2200241 a 4500
001 BRCA_7620
005 20190320205920.0
008 090713s1955----sz-a######---#000-0#ger-#
041 _ager
044 _asz
050 4 _aNK3064
_b.W97 1955
100 1 _aWyss, Robert L.
_918795
245 1 0 _aBildteppiche des 15. und 16. jahrhunderts
_cRobert L. Wyss.
260 _aBerna, Suiza
_bPaul haupt
_cc1955
300 _a12 p.
_bil., 17 láminas
_c24 cm.
440 0 _aaus dem Schweizerischen Landesmuseum
_n5
_918796
500 _aEjemplar igual a X80
500 _aT25
650 1 4 _aTapices
_zSuiza
_918797
650 1 4 _aGalerías y museos
_zSuiza
_910728
902 _aGFM
942 _2lcc
_cB
999 _c7294
_d7294